[Event "Bengaluru Karnataka op"]
[Site "Bengaluru"]
[Date "2018.04.17"]
[Round "8"]
[White "Pavan, C."]
[Black "Raghavendra, V."]
[Result "0-1"]
[WhiteElo "1622"]
[BlackElo "1898"]
[PlyCount "116"]
[EventDate "2018.04.14"]
[EventType "swiss"]
[EventRounds "10"]
[EventCountry "IND"]
[SourceTitle "CBM 184 Extra"]
[Source "ChessBase"]
[SourceDate "2018.06.28"]
[SourceVersion "1"]
[SourceVersionDate "2018.06.28"]
[SourceQuality "1"]

1. d4 Nf6 2. e3 g6 3. Bd3 Bg7 4. f4 d6 5. Nf3 0-0 6. 0-0 c5 7. c3 b6 8. e4 Ba6 9. d5 Qd7 10. a4 Bxd3 11. Qxd3 Qb7 12. c4 Nfd7 13. Nc3 Na6 14. b3 Nb4 15. Qd2 a6 16. Bb2 Rfe8 17. Na2 Bxb2 18. Qxb2 Nxa2 19. Rxa2 b5 20. f5 bxc4 21. bxc4 Qxb2 22. Rxb2 Rab8 23. Rfb1 Rxb2 24. Rxb2 Rb8 25. Rxb8+ Nxb8 26. a5 Nd7 27. fxg6 hxg6 28. Kf2 Kg7 29. h3 Kf6 30. Ke3 g5 31. g3 Kg6 32. g4 Kf6 33. Ke2 Ne5 34. Nd2 Ng6 35. Kf3 Ke5 36. Ke3 Nh4 37. Nb3 Ng2+ 38. Kf2 Nf4 39. Ke3 Nxh3 40. Nd2 Kf6 41. Nf3 Nf4 42. Nd2 Ng6 43. Kf3 Ne5+ 44. Kg3 Kg6 45. Kh3 Kg7 46. Kg3 Kf6 47. Kh3 Nd3 48. Kg3 Ne5 49. Kh3 Ng6 50. Kg3 Nh4 51. Kf2 Ke5 52. Ke3 e6 53. dxe6 fxe6 54. Nb3 Ng2+ 55. Kf2 Kxe4 56. Kxg2 Kd3 57. Kf3 Kc2 58. Na1+ Kb2 0-1